Textbook of Professionalism Professional Values & Ethics Including Bioethics for BSc Nursing Students Semester- IV (Record no. 358000)

MARC details
000 -LEADER
fixed length control field 00524nam a22001697a 4500
005 - DATE AND TIME OF LATEST TRANSACTION
control field 20240529110207.0
008 - FIXED-LENGTH DATA ELEMENTS--GENERAL INFORMATION
fixed length control field 240528b |||||||| |||| 00| 0 eng d
020 ## - INTERNATIONAL STANDARD BOOK NUMBER
International Standard Book Number 978-93-93885-50-0
041 ## - LANGUAGE CODE
Language code of text/sound track or separate title English
082 ## - DEWEY DECIMAL CLASSIFICATION NUMBER
Edition number 1st
Classification number AD 174.2 HAB DB1242
100 ## - MAIN ENTRY--PERSONAL NAME
Author Habeeb Jeelani
245 ## - TITLE STATEMENT
Title Textbook of Professionalism Professional Values & Ethics Including Bioethics for BSc Nursing Students Semester- IV
260 ## - PUBLICATION, DISTRIBUTION, ETC.
Name of publisher, distributor, etc. EMMESS Medical Pub.
Place of publication, distribution, etc. Bangalore
Date of publication, distribution, etc. 2023
300 ## - PHYSICAL DESCRIPTION
Extent 164p
365 ## - TRADE PRICE
Price amount 250.00
942 ## - ADDED ENTRY ELEMENTS (KOHA)
Koha item type Donated Book
Holdings
Withdrawn status Lost status Source of classification or shelving scheme Damaged status Not for loan Home library Current library Date acquired Net Price Bill number Total Checkouts Total Renewals Full call number Barcode Date last seen Date last checked out Bill Date Koha item type Original Barcode
    Dewey Decimal Classification     Smt. Bakul Tambat Institute of Nursing Education Smt. Bakul Tambat Institute of Nursing Education 27/05/2024 250.00 IK#2024-25#27 4 1 AD 174.2 HAB DB1242 BTIN-DB-1242 24/12/2024 20/12/2024 27/05/2024 Donated Book DB1242
    Dewey Decimal Classification     Smt. Bakul Tambat Institute of Nursing Education Smt. Bakul Tambat Institute of Nursing Education 08/08/2024 250.00 IK#2024-25#129     AD 174.2 HAB DB1261 BTIN-DB-1261 07/08/2024   08/08/2024 Donated Book DB1261